| 000 | 00891nam a22003497a 4500 | ||
|---|---|---|---|
| 005 | 20260211184638.0 | ||
| 008 | 181217b2015 xxu||||| |||| 00| 0 spa d | ||
| 020 | _a9786076225271 | ||
| 041 | _aESP | ||
| 082 | _a001.2 V434t | ||
| 100 | _aVelázquez Mastretta, Gustavo | ||
| 245 | _aTeoría y sinergia del conocimiento | ||
| 260 | _aMéxico | ||
| 260 | _bDeusto | ||
| 260 | _c2015 | ||
| 300 | _a356 páginas | ||
| 490 | _aTemática General | ||
| 505 | _aContiene índice analítico | ||
| 650 | _aSABER Y EDURICION | ||
| 650 | _aCONOCIMIENTO | ||
| 650 | _aHISTORIA | ||
| 650 | _aSINERGIA | ||
| 650 | _aAPRENDIZAJE | ||
| 650 | _aRELACIONES DEL CONOCIMIENTO | ||
| 650 | _aRAZÓN | ||
| 650 | _aVERDAD DEL CONOCIMIENTO | ||
| 650 | _aCONOCIMIENTO HUMANISTA | ||
| 650 | _aCIENCIAS SOCIALES | ||
| 650 | _aÉTICA | ||
| 650 | _aÉTICA PROFESIONAL | ||
| 942 |
_cBK _2ddc |
||
| 999 |
_c11453 _d11453 |
||